000 00509nam a2200169Ia 4500
003 GCL
008 140319s9999 xx 000 0 ara d
040 _aGCL /
_cGCL
082 0 4 _a371.302814
_bع ط
100 1 _aعبدالمنعم سيد عبدالعال
245 1 0 _aطرق تدريس اللغة العربية /
_cعبدالمنعم سيد عبدالعال
300 _a170 ص
490 _a
650 0 4 _aالتربية
650 0 4 _aاللغة العربية - طرق تدريس
942 _2ddc
_cBK
999 _c41654
_d41654